000 00672nam a2200289Ia 4500
005 20260324124247.0
008 008 260324s9999 xx 000 0 eng d
020 _a9780203839355
037 _aEBOOK
040 _aCRL
040 _beng
040 _cCRL
041 _2eng
041 _aeng
084 _qCRL
100 _aJerome Donovan
_91173472
245 4 _aThe Iran-Iraq War
245 0 _bAntecedents and Conflict Escalation
260 _bTaylor and Francis
260 _c2010
365 _a
365 _b240
856 _uhttp://www.taylorfrancis.com/books/9780203839355
942 _cEBOOK
999 _c1767697
_d1767697